000 00552nam a2200181Ia 4500
001 20815
005 20260306172833.0
008 260306t2023||||xx |||||||||||||| ||spa||
041 _aESP
082 _a343.8
_bCH534A
100 _aChávez Hurtado, Joaquín,
_eAUT
245 0 _aAnálisis operativo del incremento patrimonial no justificado y principales modificaciones; Rentas del capital y del trabajo de personas naturales
260 _c2023
300 _a56 páginas :
_c24 cm.
650 _aGEN
654 _aCDE
942 _cLIB
_dJUS
_fJUS
_2ddc
_n
999 _c20815
_d20815